000 01520nam0a2200301 4500
001 RU\NLR\BIBL_A\010460703
005 20260405092444.0
010 _a5-87983-005-5
035 _a(NLR Aleph) 010460703
090 _a9974642
_c9974642
100 _a20140910d1994 |||y0rusy50 ca
101 1 _arus
_cund
102 _aRU
105 _aa ||z|||000yy
200 1 _aТайное без вымыслов
_fДион Форчун
210 _aМосква
_cREFL-book
_d1994
215 _a378 с.
_cил.
_d20
225 1 _aБиблиотека эзотерической литературы
300 _aНа с. 10 1-й авт.: Виолет Ферт, известная под именем Дион Форчун; На с. 212 2-й авт.: Элифас Леви - псевд. Альфонса Луиса Константа
423 0 _12001#$aУчение и ритуал высшей магии$e[к сб. в целом: перевод]$fЭлифас Леви
_1700#1$aЛеви$bЭ.$f1810-1875$gЭлифас$3RU\NLR\AUTH\770134217
_1215##$aС. 211-378$cил.
_1210##$aМосква$cREFL-book$d1994
_tУчение и ритуал высшей магии
_aЛеви, Элифас (1810-1875)
606 1 _aМагия
_91615580
_3RU\NLR\AUTH\66712354
606 1 _aОккультизм
_91388572
_3RU\NLR\AUTH\66270145
686 1 _aЭ240.03
700 1 _7ca
_8rus
_aФорчун
_bД.
_f1890-1946
_gДион
_916563
_3RU\NLR\AUTH\7733555
942 _cBOOK
980 _aNB